The retirement process : perspectives from participants /

Bibliographic Details
Corporate Authors: RAND-DWP (Standard) Retirement Policy Task Force, Los Angeles (Calif.). Department of Water and Power, Rand Corporation
Format: Book
Language:English
Published: Santa Monica, CA : Rand Corporation, [1988]
Subjects:

MARC

Tag First Indicator Second Indicator Subfields
LEADER 00000cam a2200000 a 4500
001 in00001127204
005 20150930072312.0
008 881020s1988 cau 000 0 eng d
035 |a (OCoLC)18647453 
035 |9 AFW3832AM 
040 |a NPL  |c NPL  |d AST  |d OCL  |d TXA  |d UtOrBLW 
043 |a n-us-ca 
049 |a TXAM 
090 |a AS36  |b .R28 P-7446 
092 0 |a 305.90696  |2 19 
245 0 4 |a The retirement process :  |b perspectives from participants /  |c the RAND-DWP Retirement Policy Task Force (Standard). 
264 1 |a Santa Monica, CA :  |b Rand Corporation,  |c [1988] 
300 |a v, 14 pages ;  |c 28 cm. 
336 |a text  |b txt  |2 rdacontent 
337 |a unmediated  |b n  |2 rdamedia 
338 |a volume  |b nc  |2 rdacarrier 
500 |a "April 1988." 
500 |a "P-7446." 
500 |a "Rand library collection." 
650 0 |a Retirement  |x Social aspects  |z California  |z Los Angeles. 
650 0 |a Retirees  |z California  |z Los Angeles  |x Psychology. 
710 2 |a RAND-DWP (Standard) Retirement Policy Task Force. 
710 1 |a Los Angeles (Calif.).  |b Department of Water and Power. 
710 2 |a Rand Corporation. 
999 |a MARS 
999 f f |s 1df42979-8ff5-3b6d-8721-f5b9caf95c50  |i 632ff2c2-3e9e-35ba-908e-9ec79f5aed1a  |t 0 
952 f f |p ric  |a Texas A&M University  |b Rellis Campus  |c Joint Library Facility  |d Remote Storage  |t 0  |e AS36 .R28 P-7446  |h Library of Congress classification  |i unmediated -- volume  |m A14817250134 
998 f f |a AS36 .R28 P-7446  |t 0  |l Remote Storage